[Event "XI Weekend A"]
[Site "Gorgonzola ITA"]
[Date "2006.11.12"]
[Round "2"]
[White "Agrifoglio, Fabio"]
[Black "Bonade', Massimo"]
[Result "1/2-1/2"]
[WhiteElo "2024"]
[BlackElo "2097"]
[PlyCount "69"]
[EventDate "2006.11.11"]

1. d4 Nf6 2. c4 e6 3. Nc3 d5 4. Bg5 Be7 5. e3 O-O 6. Qc2 h6 7. Bh4 b6 8. cxd5
Nxd5 9. Nxd5 exd5 10. Bxe7 Qxe7 11. Rc1 c5 12. Nf3 c4 13. Be2 Nc6 14. O-O b5
15. b3 Bg4 16. bxc4 bxc4 17. h3 Bh5 18. Qa4 Qc7 19. Bxc4 dxc4 20. Rxc4 Bxf3 21.
gxf3 Qd7 22. Qxc6 Qxh3 23. Qe4 h5 24. Qf4 Rab8 25. Qg3 Qe6 26. Rc5 Qxa2 27.
Rxh5 Rb1 28. Qh2 Rxf1+ 29. Kxf1 Qb1+ 30. Kg2 Qg6+ 31. Kf1 Qb1+ 32. Kg2 Qg6+ 33.
Kh1 Qb1+ 34. Qg1 Qd3 35. Qh2 1/2-1/2

[Event "XI Weekend A"]
[Site "Gorgonzola ITA"]
[Date "2006.11.12"]
[Round "2"]
[White "Bozzali, Ermanno"]
[Black "Nessi, Silvio"]
[Result "1-0"]
[WhiteElo "2099"]
[BlackElo "2012"]
[PlyCount "71"]
[EventDate "2006.11.11"]

1. e4 e5 2. Nf3 Nc6 3. Bb5 a6 4. Ba4 Nf6 5. O-O b5 6. Bb3 Be7 7. a4 Rb8 8. Re1
O-O 9. axb5 axb5 10. d3 d6 11. Nc3 Bg4 12. h3 Bxf3 13. Qxf3 Nd4 14. Qg3 Nxb3
15. cxb3 Kh8 16. Be3 b4 17. Ne2 Ra8 18. Ra4 Qb8 19. Rea1 Qb7 20. f3 Nd7 21. Ra7
Rxa7 22. Rxa7 Qb8 23. Qe1 Bg5 24. Bf2 Nb6 25. Qa1 Nc8 26. Ra8 Qb5 27. Qa4 Qxd3
28. Qd7 Kg8 29. Ng3 Nb6 30. Rxf8+ Kxf8 31. Qxc7 g6 32. Qxb6 Qxb3 33. Qxd6+ Kg7
34. Bc5 Bf4 35. Qf8+ Kf6 36. Qd8+ 1-0

[Event "XI Weekend A"]
[Site "Gorgonzola ITA"]
[Date "2006.11.12"]
[Round "2"]
[White "Capece, Adolivio"]
[Black "Astengo, Marcello"]
[Result "1/2-1/2"]
[WhiteElo "2050"]
[BlackElo "2110"]
[PlyCount "93"]
[EventDate "2006.11.11"]

1. Nf3 d5 2. g3 c6 3. Bg2 Nf6 4. d4 Bf5 5. O-O h6 6. Nbd2 Nbd7 7. c4 e6 8. a3
Bd6 9. Re1 Bh7 10. b4 O-O 11. Bb2 a5 12. c5 Bc7 13. Ne5 Nxe5 14. dxe5 Nd7 15.
e4 Nxe5 16. Qe2 Re8 17. f4 Nd7 18. e5 Qe7 19. Nf3 Rac8 20. Nd4 Bb8 21. Rec1 Ba7
22. Kh1 Nb8 23. Nb3 a4 24. Nd2 b5 25. Nf3 Nd7 26. Bd4 Bb8 27. Re1 Be4 28. Rac1
Rf8 29. Nd2 Bxg2+ 30. Kxg2 Rce8 31. Nf3 f6 32. Nh4 Qf7 33. Rf1 f5 34. Nf3 Kh7
35. h4 Rg8 36. Rh1 Nf8 37. h5 Bc7 38. Nh4 Bd8 39. Nf3 Be7 40. Rc2 Bd8 41. Rcc1
g5 42. hxg6+ Qxg6 43. Rh3 Qg4 44. Rch1 Rg6 45. Be3 Kg7 46. Nd4 Qxe2+ 47. Nxe2
1/2-1/2

[Event "XI Weekend A"]
[Site "Gorgonzola ITA"]
[Date "2006.11.12"]
[Round "2"]
[White "Cavallini, Gianfranco"]
[Black "Cazzaniga, Walter"]
[Result "0-1"]
[WhiteElo "2004"]
[BlackElo "2159"]
[PlyCount "84"]
[EventDate "2006.11.11"]

1. e4 e6 2. d4 d5 3. exd5 exd5 4. Bd3 Nc6 5. c3 Bd6 6. Nf3 Bg4 7. h3 Bh5 8. O-O
Nge7 9. Bg5 f6 10. Bh4 g5 11. Bg3 Bxg3 12. fxg3 Qd6 13. b4 Qxg3 14. Qe2 Qd6 15.
Nbd2 O-O-O 16. b5 Na5 17. Nb3 Nc4 18. Bxc4 dxc4 19. Qxc4 Nd5 20. Rfe1 Rhe8 21.
Qd3 Bg6 22. Qd2 Nf4 23. Na5 h5 24. Rxe8 Rxe8 25. Re1 Nxh3+ 26. Kf1 Rxe1+ 27.
Qxe1 Nf4 28. Qe3 Nd5 29. Qe1 Kd7 30. c4 Nf4 31. Nb3 b6 32. c5 Qd5 33. c6+ Kd8
34. Qb4 Ke8 35. a4 Kf7 36. Nbd2 g4 37. Ne1 Ne6 38. Nb3 h4 39. Qc3 Ng5 40. Nd2
Ne6 41. Nb3 h3 42. Kg1 Nf4 0-1

[Event "XI Weekend A"]
[Site "Gorgonzola ITA"]
[Date "2006.11.12"]
[Round "2"]
[White "Facchetti, Gianni"]
[Black "Sbarra, Marco"]
[Result "1/2-1/2"]
[WhiteElo "2121"]
[BlackElo "2280"]
[PlyCount "120"]
[EventDate "2006.11.11"]

1. e4 e5 2. Nf3 Nc6 3. Bc4 Nf6 4. d3 Be7 5. c3 O-O 6. Bb3 d6 7. Nbd2 Na5 8. Bc2
c5 9. Nf1 Nc6 10. Ng3 d5 11. O-O Rb8 12. exd5 Nxd5 13. Qe2 Qd6 14. Re1 Nf4 15.
Bxf4 exf4 16. Ne4 Qg6 17. Ned2 Bh3 18. Qf1 Rfe8 19. Re4 Bd6 20. Rae1 Rxe4 21.
Rxe4 Bd7 22. d4 Qf6 23. dxc5 Bxc5 24. Re1 Qh6 25. Bb3 Bb6 26. Qc4 Rf8 27. Qe4
g5 28. Qd5 Bg4 29. Qxg5+ Qxg5 30. Nxg5 Na5 31. Bc2 Rd8 32. Nde4 h6 33. Nf6+ Kg7
34. Nxg4 hxg5 35. Kf1 Rd5 36. Rd1 Rxd1+ 37. Bxd1 Nc4 38. b3 Nd6 39. f3 Nb5 40.
c4 Nc3 41. Bc2 Bc5 42. a4 a5 43. Ne5 Bd4 44. Nd3 Na2 45. Ke2 f5 46. h4 Kg6 47.
hxg5 Kxg5 48. Nf2 Be5 49. Kd2 b6 50. Bd3 Nb4 51. Bb1 Nc6 52. Bc2 Nd4 53. Bd1
Kh4 54. Ke1 Kg3 55. Kf1 Bd6 56. Nd3 Nc6 57. Nc1 Be5 58. Bc2 Nd4 59. Ne2+ Nxe2
60. Kxe2 Kxg2 1/2-1/2

[Event "XI Weekend A"]
[Site "Gorgonzola ITA"]
[Date "2006.11.12"]
[Round "2"]
[White "Massironi, Marco"]
[Black "Bemporad, Filippo"]
[Result "0-1"]
[WhiteElo "2193"]
[BlackElo "2076"]
[PlyCount "114"]
[EventDate "2006.11.11"]

1. e4 c5 2. Nf3 d6 3. d4 cxd4 4. Nxd4 Nf6 5. Nc3 a6 6. Be3 e6 7. g4 h6 8. f4
Be7 9. h4 b5 10. Qf3 Bb7 11. g5 Nfd7 12. Bh3 b4 13. Nce2 Nc5 14. Ng3 Nbd7 15.
g6 f5 16. Bxf5 exf5 17. Ndxf5 O-O 18. Qh5 Rxf5 19. Qxf5 Nf6 20. Bxc5 Bc8 21.
O-O-O Bxf5 22. Nxf5 a5 23. e5 Ne4 24. exd6 Bf6 25. Bd4 Qd7 26. Bxf6 Nxf6 27.
Ne7+ Kf8 28. Rd4 Rd8 29. Rhd1 Qe6 30. Nc6 Rd7 31. Ne5 Qxa2 32. Nxd7+ Nxd7 33.
R1d3 Qa1+ 34. Kd2 Qf1 35. f5 Qf2+ 36. Kc1 Qxf5 37. Rc4 Qxg6 38. Rc7 Ke8 39.
Re3+ Kd8 40. Rd3 Qg4 41. Kb1 Qxh4 42. Ra7 Qe1+ 43. Ka2 Qe6+ 44. Kb1 Kc8 45.
Ra8+ Kb7 46. Rxa5 Qe1+ 47. Ka2 g5 48. Ra4 g4 49. Rd4 g3 50. Raxb4+ Kc6 51.
Rbc4+ Kb5 52. Re4 Qa5+ 53. Kb3 Qd2 54. Rcd4 Nc5+ 55. Ka2 Qa5+ 56. Kb1 Nxe4 57.
c4+ Kc6 0-1

[Event "XI Weekend A"]
[Site "Gorgonzola ITA"]
[Date "2006.11.12"]
[Round "2"]
[White "Pace, Pietro Dario"]
[Black "Manzoni, Alessandro"]
[Result "1-0"]
[WhiteElo "2233"]
[BlackElo "2074"]
[PlyCount "67"]
[EventDate "2006.11.11"]

1. e4 d6 2. d4 Nf6 3. Nc3 g6 4. Bg5 c6 5. f4 Qa5 6. Qd2 b5 7. e5 b4 8. exf6
bxc3 9. bxc3 h6 10. fxe7 Bxe7 11. Bxe7 Kxe7 12. Bd3 Be6 13. Ne2 Nd7 14. O-O f5
15. Nc1 Nf6 16. Nb3 Qc7 17. c4 d5 18. cxd5 cxd5 19. Nc5 Ne4 20. Bxe4 fxe4 21.
Rab1 Qd6 22. Rb7+ Kf6 23. Qf2 Bf7 24. Rd7 Qc6 25. Qh4+ Kg7 26. Qe7 Rhf8 27.
Ne6+ Kg8 28. Nxf8 Rxf8 29. f5 g5 30. Rd6 Qc3 31. Qf6 e3 32. Qxh6 Qxd4 33. Qxg5+
Qg7 34. Qxe3 1-0

[Event "XI Weekend A"]
[Site "Gorgonzola ITA"]
[Date "2006.11.12"]
[Round "2"]
[White "Radice, Luca"]
[Black "Barlocco, Carlo"]
[Result "1-0"]
[WhiteElo "2077"]
[BlackElo "2198"]
[PlyCount "41"]
[EventDate "2006.11.11"]

1. d4 Nf6 2. c4 c6 3. Nf3 d5 4. e3 e6 5. Nbd2 Nbd7 6. Bd3 Bd6 7. O-O e5 8. e4
O-O 9. exd5 cxd5 10. cxd5 exd4 11. Ne4 Nb6 12. Nxf6+ Qxf6 13. Bg5 Bxh2+ 14.
Kxh2 Qd6+ 15. Kg1 Qxd5 16. Qe2 Bf5 17. Rfe1 Rac8 18. Rac1 h6 19. Bd2 Rc6 20.
Bxf5 Qxf5 21. Nxd4 1-0

[Event "XI Weekend A"]
[Site "Gorgonzola ITA"]
[Date "2006.11.12"]
[Round "2"]
[White "Salvador, Roland"]
[Black "Bonazzi, Edoardo"]
[Result "1-0"]
[WhiteElo "2455"]
[BlackElo "2142"]
[PlyCount "81"]
[EventDate "2006.11.11"]

1. d4 Nf6 2. Nf3 c5 3. d5 g6 4. Nc3 Bg7 5. e4 d6 6. Bb5+ Nfd7 7. a4 O-O 8. Bf4
Na6 9. O-O Nc7 10. Qd2 a6 11. Bd3 Rb8 12. Rae1 b5 13. Bh6 Nf6 14. Bxg7 Kxg7 15.
Nh4 c4 16. Be2 b4 17. Nd1 Nxe4 18. Qd4+ Nf6 19. Bxc4 Bb7 20. Ne3 Kg8 21. f4 e6
22. dxe6 Nxe6 23. Qd1 d5 24. Ba2 Nc5 25. f5 Nce4 26. fxg6 hxg6 27. Qd4 Qd6 28.
Nhf5 gxf5 29. Nxf5 Qc5 30. Nh6+ Kg7 31. Rxe4 Qxd4+ 32. Rxd4 Bc8 33. Nf5+ Bxf5
34. Rxf5 Rbc8 35. Rg5+ Kh6 36. Rg3 Rxc2 37. Rh4+ Nh5 38. Rgh3 Rxb2 39. Rxh5+
Kg6 40. Bxd5 Rc8 41. Rh6+ 1-0

[Event "XI Weekend A"]
[Site "Gorgonzola ITA"]
[Date "2006.11.12"]
[Round "2"]
[White "Vancini, Edoardo"]
[Black "Volpi, Davide"]
[Result "1-0"]
[WhiteElo "2296"]
[BlackElo "2053"]
[PlyCount "77"]
[EventDate "2006.11.11"]

1. e4 c5 2. c3 Nf6 3. e5 Nd5 4. d4 cxd4 5. Nf3 Nc6 6. Bc4 Nb6 7. Bb3 d6 8. exd6
Qxd6 9. O-O Bg4 10. Bxf7+ Kd8 11. Bb3 Ne5 12. Nxe5 Bxd1 13. Nf7+ Kd7 14. Nxd6
Bxb3 15. Nxb7 Bd5 16. Nc5+ Kd6 17. Nd3 Bc4 18. Rd1 e5 19. f4 Bxd3 20. Rxd3 Kd5
21. fxe5 Kxe5 22. cxd4+ Ke4 23. Rd1 Bb4 24. a3 Bd6 25. Nc3+ Kf5 26. Rd3 Ke6 27.
Bg5 Nc4 28. Na4 Kf5 29. Bh4 Ke4 30. Rc3 Nb6 31. Nxb6 axb6 32. Rc6 Kd5 33. Rxb6
Rhb8 34. Rxd6+ Kxd6 35. Bg3+ Kd5 36. Bxb8 Rxb8 37. b4 Kxd4 38. Rf1 Rb7 39. Rf3
1-0

[Event "XI Weekend A"]
[Site "Gorgonzola ITA"]
[Date "2006.11.12"]
[Round "2"]
[White "Zoldan, Matteo"]
[Black "Salmoiraghi, Angelo"]
[Result "1/2-1/2"]
[WhiteElo "2103"]
[BlackElo "2035"]
[PlyCount "55"]
[EventDate "2006.11.11"]

1. c4 g6 2. Nc3 b6 3. d4 Bg7 4. e4 d6 5. Be3 e6 6. Qd2 h6 7. Bd3 c5 8. d5 Bxc3
9. Qxc3 e5 10. h4 Nf6 11. f3 Qe7 12. Qd2 Qf8 13. Ne2 Na6 14. a3 Nc7 15. Ng3 Bd7
16. b4 Na6 17. b5 Nc7 18. a4 a5 19. O-O-O O-O-O 20. Kb2 Kb7 21. Ne2 Qg7 22. Kc2
Ng8 23. g4 Ne7 24. Rdg1 f6 25. Nc1 g5 26. h5 Ra8 27. Nb3 Ra7 28. Ra1 1/2-1/2

[Event "XI Weekend A"]
[Site "Gorgonzola ITA"]
[Date "2006.11.12"]
[Round "3"]
[White "Astengo, Marcello"]
[Black "Agrifoglio, Fabio"]
[Result "0-1"]
[WhiteElo "2110"]
[BlackElo "2024"]
[PlyCount "82"]
[EventDate "2006.11.11"]

1. d4 d5 2. c4 e6 3. Nc3 Nf6 4. cxd5 exd5 5. Bg5 c6 6. e3 Be7 7. Qc2 O-O 8. Bd3
Nbd7 9. Nge2 Re8 10. O-O Nf8 11. f3 g6 12. Rf2 Ne6 13. Bh4 a6 14. Rd1 Bd7 15.
Qb3 b5 16. Bb1 a5 17. Nc1 a4 18. Qc2 Qb6 19. Nd3 Qa7 20. Ne5 Kg7 21. e4 Rad8
22. Rfd2 Nxe4 23. Bxe7 Nxd2 24. Qxd2 Rxe7 25. Ng4 Nxd4 26. Qxd4+ Qxd4+ 27. Rxd4
f5 28. Bd3 fxg4 29. fxg4 Rf8 30. Be2 g5 31. Bf3 Be8 32. Rd2 Bg6 33. Ne2 Be4 34.
Kf2 c5 35. Kg3 Bxf3 36. gxf3 d4 37. Ng1 Re3 38. Kf2 b4 39. Rc2 Re5 40. Rc4 Rb8
41. Kg3 d3 0-1

[Event "XI Weekend A"]
[Site "Gorgonzola ITA"]
[Date "2006.11.12"]
[Round "3"]
[White "Barlocco, Carlo"]
[Black "Massironi, Marco"]
[Result "1-0"]
[WhiteElo "2198"]
[BlackElo "2193"]
[PlyCount "52"]
[EventDate "2006.11.11"]

1. d4 Nf6 2. c3 g6 3. Bg5 Bg7 4. Nd2 d5 5. e3 O-O 6. Ngf3 c5 7. Be2 Nc6 8. O-O
Qb6 9. Qb3 Re8 10. Bxf6 Bxf6 11. Qxd5 cxd4 12. Nc4 Qc7 13. cxd4 Bd7 14. Rfc1
Rad8 15. Nce5 Be6 16. Qc5 Rd5 17. Qxa7 Bxe5 18. Nxe5 Qxe5 19. Rxc6 Qg5 20. Rc5
Red8 21. Rac1 h5 22. Bf3 h4 23. h3 Bxh3 24. Rxd5 Rxd5 25. Bxd5 Bg4 26. Qb8+ Kg7
1-0

[Event "XI Weekend A"]
[Site "Gorgonzola ITA"]
[Date "2006.11.12"]
[Round "3"]
[White "Bemporad, Filippo"]
[Black "Cavallini, Gianfranco"]
[Result "1-0"]
[WhiteElo "2076"]
[BlackElo "2004"]
[PlyCount "75"]
[EventDate "2006.11.11"]

1. d4 Nf6 2. Nf3 d6 3. c4 Nbd7 4. Nc3 e5 5. e4 Be7 6. Be2 O-O 7. O-O Re8 8. b3
Bf8 9. Qc2 c6 10. Bb2 exd4 11. Nxd4 Nc5 12. f3 Qb6 13. Rad1 g6 14. Qd2 a5 15.
Nb1 d5 16. exd5 cxd5 17. Kh1 Bg7 18. Rfe1 Be6 19. Nxe6 Rxe6 20. cxd5 Nfe4 21.
fxe4 Nxe4 22. Bd4 Bxd4 23. Qxd4 Nf2+ 24. Kg1 Nxd1 25. Qxb6 Rxb6 26. Rxd1 a4 27.
Bc4 axb3 28. axb3 Kf8 29. Nc3 f5 30. Kf2 Ke7 31. Re1+ Kd6 32. Na4 Rb4 33. Re6+
Kc7 34. Nc3 Ra5 35. Re7+ Kd6 36. Rxh7 b5 37. Rb7 Kc5 38. Rxb5+ 1-0

[Event "XI Weekend A"]
[Site "Gorgonzola ITA"]
[Date "2006.11.12"]
[Round "3"]
[White "Bonazzi, Edoardo"]
[Black "Facchetti, Gianni"]
[Result "1/2-1/2"]
[WhiteElo "2142"]
[BlackElo "2121"]
[PlyCount "101"]
[EventDate "2006.11.11"]

1. Nf3 Nf6 2. c4 d6 3. g3 e5 4. Nc3 c6 5. d3 Nbd7 6. Bg2 Be7 7. O-O Qc7 8. Nd2
Nf8 9. Rb1 Ng6 10. b4 Bd7 11. b5 O-O 12. Qa4 Rfb8 13. Ba3 Nf8 14. bxc6 bxc6 15.
Nde4 Nxe4 16. Nxe4 f5 17. Nc3 Ne6 18. e3 Nd8 19. f4 exf4 20. gxf4 Rxb1 21. Rxb1
Rb8 22. Rxb8 Qxb8 23. Qb3 Qc7 24. c5+ Be6 25. cxd6 Bxd6 26. Qa4 Bxa3 27. Qxa3
Qb6 28. d4 Kf7 29. Kf2 Nb7 30. d5 cxd5 31. Nxd5 Qd8 32. Qd3 Nc5 33. Qd4 Ne4+
34. Bxe4 fxe4 35. Qxa7+ Kf8 36. Qc5+ Kg8 37. Ne7+ Kf7 38. f5 Qd2+ 39. Kg3 Qe1+
40. Kf4 Qh4+ 41. Ke5 Bxa2 42. Nd5 Qxh2+ 43. Nf4 Qb2+ 44. Kxe4 Qb7+ 45. Nd5
Bxd5+ 46. Qxd5+ Qxd5+ 47. Kxd5 h5 48. Ke5 h4 49. Kf4 h3 50. Kg3 Kf6 51. Kxh3
1/2-1/2

[Event "XI Weekend A"]
[Site "Gorgonzola ITA"]
[Date "2006.11.12"]
[Round "3"]
[White "Capece, Adolivio"]
[Black "Zoldan, Matteo"]
[Result "1/2-1/2"]
[WhiteElo "2050"]
[BlackElo "2103"]
[PlyCount "32"]
[EventDate "2006.11.11"]

1. Nf3 d6 2. e4 c5 3. Nc3 Nf6 4. g3 g6 5. Bg2 Bg7 6. d3 Nc6 7. Bg5 Rb8 8. a4 a6
9. O-O h6 10. Bd2 O-O 11. Ne1 b5 12. axb5 axb5 13. Ne2 b4 14. f4 Nd7 15. Qc1
Kh7 16. Nf3 Bb7 1/2-1/2

[Event "XI Weekend A"]
[Site "Gorgonzola ITA"]
[Date "2006.11.12"]
[Round "3"]
[White "Cazzaniga, Walter"]
[Black "Salvador, Roland"]
[Result "1/2-1/2"]
[WhiteElo "2159"]
[BlackElo "2455"]
[PlyCount "128"]
[EventDate "2006.11.11"]

1. d4 d5 2. c4 dxc4 3. e4 c5 4. d5 Nf6 5. Nc3 b5 6. Bf4 a6 7. e5 b4 8. exf6
bxc3 9. bxc3 exf6 10. Bxc4 Bd6 11. Qe2+ Kf8 12. Bxd6+ Qxd6 13. Nf3 Bg4 14. O-O
Nd7 15. Qd3 Qf4 16. Nd2 Ne5 17. Qe3 Qxe3 18. fxe3 Nxc4 19. Nxc4 Be2 20. Nb6
Bxf1 21. Nxa8 Ke7 22. Kxf1 Rxa8 23. Rb1 Kd6 24. c4 Kc7 25. Ke2 Re8 26. Kd3 h5
27. a4 h4 28. a5 Re5 29. Rb6 Rg5 30. Rxa6 Rxg2 31. Ra7+ Kd6 32. Rxf7 h3 33. a6
Rxh2 34. Rxg7 Ra2 35. a7 h2 36. Rh7 Ke5 37. Rh5+ f5 38. Rxh2 Rxa7 39. Rh6 Ra3+
40. Ke2 f4 41. Re6+ Kf5 42. e4+ Kg4 43. Rg6+ Kh5 44. Rg1 Re3+ 45. Kf2 Rxe4 46.
Rd1 Kg4 47. d6 Re8 48. Rd5 Rd8 49. d7 f3 50. Ke3 Kg3 51. Rg5+ Kh4 52. Rg7 Kh5
53. Kxf3 Kh6 54. Re7 Kg6 55. Ke4 Kf6 56. Rh7 Kg6 57. Kd5 Kxh7 58. Kd6 Kg6 59.
Kc7 Rh8 60. d8=Q Rxd8 61. Kxd8 Kf6 62. Kc7 Ke7 63. Kc6 Kd8 64. Kxc5 Kc7 1/2-1/2

[Event "XI Weekend A"]
[Site "Gorgonzola ITA"]
[Date "2006.11.12"]
[Round "3"]
[White "Manzoni, Alessandro"]
[Black "Bozzali, Ermanno"]
[Result "1-0"]
[WhiteElo "2074"]
[BlackElo "2099"]
[PlyCount "55"]
[EventDate "2006.11.11"]

1. e4 c5 2. Nc3 Nc6 3. g3 g6 4. Bg2 Bg7 5. Nge2 e6 6. f4 d6 7. O-O Nge7 8. d3
O-O 9. Be3 Nd4 10. Qd2 Rb8 11. Nd1 b5 12. c3 Nxe2+ 13. Qxe2 b4 14. Bd2 bxc3 15.
Bxc3 Ba6 16. Nf2 Bxc3 17. bxc3 Qa5 18. Qd2 Rb6 19. Rab1 Rfb8 20. Rxb6 Qxb6 21.
f5 exf5 22. Qg5 Qd8 23. g4 Nc6 24. Qh6 Qf8 25. Qh4 Ne5 26. gxf5 Bxd3 27. Re1
Rb1 28. Nxd3 1-0

[Event "XI Weekend A"]
[Site "Gorgonzola ITA"]
[Date "2006.11.12"]
[Round "3"]
[White "Nessi, Silvio"]
[Black "Borin, Fabio"]
[Result "0-1"]
[WhiteElo "2012"]
[BlackElo "2147"]
[PlyCount "48"]
[EventDate "2006.11.11"]

1. d4 Nf6 2. c4 Nc6 3. Nf3 e6 4. Bg5 h6 5. Bh4 g5 6. Bg3 Bb4+ 7. Nc3 Ne4 8. Rc1
Qf6 9. e3 Bxc3+ 10. bxc3 d6 11. Bd3 Nxg3 12. hxg3 e5 13. Rb1 h5 14. Nd2 h4 15.
gxh4 gxh4 16. Qf3 Qg7 17. Bf1 Bg4 18. Qd5 O-O-O 19. Qb5 exd4 20. cxd4 Nxd4 21.
Qxb7+ Kd7 22. Qe4 Rde8 23. Qd3 f5 24. f3 Rxe3+ 0-1

[Event "XI Weekend A"]
[Site "Gorgonzola ITA"]
[Date "2006.11.12"]
[Round "3"]
[White "Salmoiraghi, Angelo"]
[Black "Bonade', Massimo"]
[Result "1/2-1/2"]
[WhiteElo "2035"]
[BlackElo "2097"]
[PlyCount "96"]
[EventDate "2006.11.11"]

1. b3 d5 2. f4 Nf6 3. Nf3 c5 4. e3 e6 5. Bb2 Be7 6. Bb5+ Nbd7 7. O-O O-O 8.
Bxd7 Bxd7 9. d3 b5 10. Ne5 a5 11. Nd2 a4 12. Ndf3 Qc7 13. Qe1 a3 14. Bc3 b4 15.
Bd2 Bb5 16. Kh1 Ne8 17. Rc1 f6 18. Ng4 Bd6 19. Qh4 Ba6 20. Rg1 Bb7 21. c3 Qd7
22. cxb4 cxb4 23. Qe1 e5 24. Nf2 Qe7 25. fxe5 fxe5 26. e4 Nf6 27. exd5 Bxd5 28.
Ne4 Bxe4 29. dxe4 Rac8 30. Bg5 Qb7 31. Bxf6 Rxf6 32. Rxc8+ Qxc8 33. Qc1 Rf8 34.
Qd2 Qe6 35. Rd1 Be7 36. Qd7 Qxd7 37. Rxd7 Bf6 38. Nd2 Bg5 39. Nf3 Rc8 40. g3
Bf6 41. Rd2 Kf7 42. Kg2 Ke6 43. Kf2 h6 44. Ke2 h5 45. h4 g6 46. Kd1 Rc3 47. Ke2
Be7 48. Rd3 Rc2+ 1/2-1/2

[Event "XI Weekend A"]
[Site "Gorgonzola ITA"]
[Date "2006.11.12"]
[Round "3"]
[White "Sbarra, Marco"]
[Black "Pace, Pietro Dario"]
[Result "1-0"]
[WhiteElo "2280"]
[BlackElo "2233"]
[PlyCount "61"]
[EventDate "2006.11.11"]

1. c4 c6 2. e4 d5 3. exd5 cxd5 4. cxd5 Nf6 5. Bb5+ Nbd7 6. Nc3 g6 7. Nge2 Bg7
8. O-O a6 9. Bxd7+ Qxd7 10. Nf4 b5 11. Qb3 Rb8 12. Re1 O-O 13. d4 Ng4 14. h3
Nh6 15. Nd3 Nf5 16. Ne5 Qd6 17. Bf4 Nxd4 18. Qd1 Qb6 19. Re4 Nf5 20. Nc6 Rb7
21. g4 Nh4 22. Be3 Qc7 23. Nxe7+ Kh8 24. d6 Qd7 25. Nxc8 Qxc8 26. Bg5 f5 27.
Re7 fxg4 28. Bxh4 gxh3 29. d7 Qd8 30. Qg4 Rb8 31. Rxg7 1-0

[Event "XI Weekend A"]
[Site "Gorgonzola ITA"]
[Date "2006.11.12"]
[Round "3"]
[White "Vancini, Edoardo"]
[Black "Martinez, Rolly"]
[Result "1/2-1/2"]
[WhiteElo "2296"]
[BlackElo "2411"]
[PlyCount "47"]
[EventDate "2006.11.11"]

1. e4 d5 2. Nc3 Nf6 3. exd5 Nxd5 4. Nxd5 Qxd5 5. Qf3 Qd6 6. Bc4 e6 7. c3 c5 8.
Ne2 Nc6 9. O-O a6 10. d4 cxd4 11. Bf4 Qc5 12. Bb3 Bd6 13. cxd4 Nxd4 14. Nxd4
Qxd4 15. Ba4+ Qxa4 16. Bxd6 Bd7 17. Qg3 h6 18. Rac1 Bc6 19. Qxg7 O-O-O 20. Bg3
Qe4 21. f3 Qf5 22. Qc3 Rhg8 23. Qb4 Qd5 24. Kh1 1/2-1/2

[Event "XI Weekend A"]
[Site "Gorgonzola ITA"]
[Date "2006.11.12"]
[Round "3"]
[White "Volpi, Davide"]
[Black "Radice, Luca"]
[Result "0-1"]
[WhiteElo "2053"]
[BlackElo "2077"]
[PlyCount "120"]
[EventDate "2006.11.11"]

1. e4 e6 2. d3 d5 3. Nd2 Nf6 4. Ngf3 c5 5. g3 Nc6 6. Bg2 Be7 7. O-O Qc7 8. c3
b6 9. Re1 Bb7 10. a4 O-O-O 11. Qc2 h6 12. exd5 Nxd5 13. Nc4 Bf6 14. Nfd2 g5 15.
Na3 a6 16. Ndc4 Nce7 17. Qb3 h5 18. Be3 Kb8 19. a5 b5 20. Nxb5 axb5 21. Qxb5
Nxe3 22. fxe3 Ka7 23. Qb6+ Qxb6 24. axb6+ Kb8 25. Bxb7 Kxb7 26. Ra7+ Kc6 27.
Rc7+ Kb5 28. Rf1 Rxd3 29. Rxf6 Nd5 30. Rcxf7 Nxf6 31. Na3+ Kxb6 32. Rxf6 Kc7
33. Nc4 g4 34. Kf2 Rd1 35. Kg2 Kd7 36. h3 Ke7 37. Rf4 gxh3+ 38. Kxh3 Rh6 39.
Kg2 Rg6 40. b4 cxb4 41. cxb4 Rd5 42. Kf3 Rdg5 43. b5 Rxb5 44. Nd2 Rbg5 45. Ne4
Rg4 46. Rxg4 Rxg4 47. Nf2 Ra4 48. e4 e5 49. Kg2 Ra2 50. Kf3 Kf6 51. Kg2 Kg5 52.
Kf3 Ra3+ 53. Kg2 Ra2 54. Kf3 Ra3+ 55. Kg2 h4 56. gxh4+ Kxh4 57. Kh2 Kg5 58. Kg2
Kf4 59. Kf1 Kf3 60. Ke1 Ra1+ 0-1

[Event "XI Weekend A"]
[Site "Gorgonzola ITA"]
[Date "2006.11.18"]
[Round "4"]
[White "Agrifoglio, Fabio"]
[Black "Barlocco, Carlo"]
[Result "0-1"]
[WhiteElo "2024"]
[BlackElo "2198"]
[PlyCount "124"]
[EventDate "2006.11.11"]

1. d4 Nc6 2. Nf3 d6 3. c4 Bg4 4. e3 e5 5. d5 Nb8 6. Be2 Nf6 7. Nc3 Nbd7 8. Nd2
Bxe2 9. Qxe2 Be7 10. e4 O-O 11. Nf1 Ne8 12. Ng3 Bg5 13. O-O g6 14. b4 Ng7 15.
Nd1 a5 16. Ba3 axb4 17. Bxb4 b6 18. a4 Nc5 19. Nc3 Qd7 20. Bxc5 dxc5 21. Rfd1
Ne8 22. Nb5 Nd6 23. Nxd6 cxd6 24. Qc2 Ra6 25. Rdb1 Rfa8 26. Rb5 Qa7 27. Rab1
Bd8 28. Qc1 Rxa4 29. f4 exf4 30. Qxf4 Qe7 31. e5 Qxe5 32. Qxe5 dxe5 33. Rc1 f5
34. Nf1 Ra1 35. Rbb1 Rxb1 36. Rxb1 Ra4 37. Rc1 Kf7 38. g3 Ke7 39. Rc2 Kd6 40.
Kf2 Bg5 41. h4 Bh6 42. g4 Bf4 43. gxf5 gxf5 44. Rc3 b5 45. cxb5 Kxd5 46. Rd3+
Ke4 47. Rd6 Ra2+ 48. Ke1 Rb2 49. b6 Kf3 50. Rd3+ Kg4 51. Rd6 Kxh4 52. Rc6 Kg4
53. Rxc5 Rxb6 54. Rc4 e4 55. Kf2 Rb2+ 56. Kg1 h5 57. Rc3 h4 58. Rc8 h3 59. Rg8+
Kf3 60. Kh1 Rf2 61. Rg1 e3 62. Nxe3 Rh2# 0-1

[Event "XI Weekend A"]
[Site "Gorgonzola ITA"]
[Date "2006.11.18"]
[Round "4"]
[White "Bonade', Massimo"]
[Black "Capece, Adolivio"]
[Result "1/2-1/2"]
[WhiteElo "2097"]
[BlackElo "2050"]
[PlyCount "54"]
[EventDate "2006.11.11"]

1. d4 Nf6 2. c4 c5 3. d5 b5 4. cxb5 e6 5. Nc3 exd5 6. Nxd5 Bb7 7. Nxf6+ Qxf6 8.
Nf3 d5 9. g3 Bd6 10. Bg2 Nd7 11. O-O h6 12. Qc2 O-O 13. Rd1 Rfe8 14. Nh4 Nb6
15. a4 a6 16. bxa6 Rxa6 17. Nf5 Bf8 18. Ne3 Qe6 19. b3 Ra7 20. Ra2 d4 21. Nc4
Bxg2 22. Kxg2 Nd5 23. Rb2 Nb4 24. Qd2 Qd5+ 25. Kg1 Rae7 26. Re1 Re6 27. Qd1 g5
1/2-1/2

[Event "XI Weekend A"]
[Site "Gorgonzola ITA"]
[Date "2006.11.18"]
[Round "4"]
[White "Borin, Fabio"]
[Black "Bemporad, Filippo"]
[Result "1-0"]
[WhiteElo "2147"]
[BlackElo "2076"]
[PlyCount "59"]
[EventDate "2006.11.11"]

1. e4 c5 2. Nf3 d6 3. d4 cxd4 4. Nxd4 Nf6 5. f3 a6 6. c4 e6 7. Nc3 Be7 8. Be3
Nc6 9. Qd2 Qc7 10. Nb3 b6 11. Rc1 Ne5 12. Be2 Bb7 13. Na4 Ned7 14. Nc3 Rd8 15.
O-O O-O 16. Nd4 Ne5 17. g4 Qb8 18. g5 Nfd7 19. f4 Nc6 20. f5 Nxd4 21. Bxd4 exf5
22. exf5 Rfe8 23. Bxg7 Kxg7 24. f6+ Bxf6 25. gxf6+ Kh8 26. Bf3 Rg8+ 27. Kh1
Nxf6 28. Qd4 Rg6 29. Bxb7 Qxb7+ 30. Nd5 1-0

[Event "XI Weekend A"]
[Site "Gorgonzola ITA"]
[Date "2006.11.18"]
[Round "4"]
[White "Bozzali, Ermanno"]
[Black "Salmoiraghi, Angelo"]
[Result "1-0"]
[WhiteElo "2099"]
[BlackElo "2035"]
[PlyCount "69"]
[EventDate "2006.11.11"]

1. e4 g6 2. d4 Bg7 3. Nc3 d6 4. Be3 a6 5. a4 Nf6 6. h3 b6 7. e5 Nfd7 8. Qf3 Ra7
9. Bc4 e6 10. exd6 cxd6 11. Nge2 Rc7 12. Bb3 Bb7 13. Qg3 O-O 14. O-O e5 15.
Rfd1 Kh8 16. f4 e4 17. f5 Nf6 18. fxg6 Nh5 19. Qh2 fxg6 20. Nf4 Nxf4 21. Bxf4
Re8 22. Ne2 Rd7 23. c3 d5 24. Rf1 Nc6 25. Rf2 Rf8 26. Raf1 Rdf7 27. Qg3 a5 28.
Bg5 Qd7 29. Rxf7 Rxf7 30. Rxf7 Qxf7 31. Qd6 Qf5 32. Qxd5 Qxd5 33. Bxd5 Nxd4 34.
Bxb7 Nxe2+ 35. Kf2 1-0

[Event "XI Weekend A"]
[Site "Gorgonzola ITA"]
[Date "2006.11.18"]
[Round "4"]
[White "Cavallini, Gianfranco"]
[Black "Astengo, Marcello"]
[Result "1-0"]
[WhiteElo "2004"]
[BlackElo "2110"]
[PlyCount "62"]
[EventDate "2006.11.11"]

1. e4 c6 2. d4 d5 3. Nc3 dxe4 4. Nxe4 Nf6 5. Nxf6+ exf6 6. Nf3 Bd6 7. Bd3 O-O
8. O-O Bg4 9. Be3 Qc7 10. Kh1 Nd7 11. c3 Rad8 12. Rc1 Rfe8 13. h3 Bh5 14. Qc2
Nf8 15. Nd2 Qc8 16. Bf5 Ne6 17. Ne4 Bb8 18. Bxh7+ Kh8 19. Bf5 Qc7 20. f4 Bg6
21. Ng3 Nf8 22. Rce1 Rd5 23. Bc1 Red8 24. Be4 Qa5 25. Qb3 R5d7 26. Qc4 Qc7 27.
b4 Kg8 28. a4 Re7 29. Bxg6 Nxg6 30. Nf5 Rxe1 31. Rxe1 Qd7 1-0